000 02103nam a2200553 i 4500
001 15029
003 KOSZ 005
005 20200331121610.0
008 200307s1972 pl a f 001 0 pol
015 _aUWD 1973/751
035 _a991032212869705066
035 _a(PL-WaBN)b18647418-48omnis_nlop
035 _ab18647418
035 _a(OCoLC)830814704
035 _a(PL)b0000001864741
035 _a(EXLNZ-48OMNIS_NETWORK)9910344949905606
040 _aWA N
_cWA N
_dKOSZ 005/RW
041 1 _apol
_hrus
046 _k1967
080 _a531.1
080 _a517
080 _a517.9
100 1 _aDemidovič, Boris Pavlovič
_eAutor
245 1 0 _aMatematyczna teoria stabilności /
_cB. P. Demidowicz ; tłumaczenie Marian Malec, Zdzisław Skupień.
246 1 _iTytuł oryginału:
_aLekcii po matematičeskoj teorii ustojčivosti
260 _aWarszawa :
_bWydawnictwa Naukowo-Techniczne,
_c1972.
300 _a556 stron :
_bilustracje ;
_c22 cm.
336 _aTekst
_btxt
_2rdacontent
337 _aBez urządzenia pośredniczącego
_bn
_2rdamedia
338 _aWolumin
_bnc
_2rdacarrier
380 _aKsiążki
380 _aPublikacje dydaktyczne
388 _a1901-2000
504 _aBibliografia na stronach [541]-545. Indeks.
521 8 _aKsiążka jest przeznaczona dla studentów wydziałów matematyki i fizyki, a także dla studentów wydziałów mechanicznych i inżynierów interesujących się zagadnieniami stabilności.
650 7 _aFunkcje
_2DBN
650 7 _aKinematyka
_2DBN
650 7 _aRównania różniczkowe
_2DBN
650 7 _aZastosowanie i wykorzystanie
655 7 _aPodręczniki akademickie
658 _aMatematyka
658 _aFizyka i astronomia
700 1 _aMalec, Marian
_d(1940-2016)
_eTłumaczenie
700 1 _aSkupień, Zdzisław
_d(1938- )
_eTłumaczenie
710 2 _aWydawnictwa Naukowo-Techniczne
_4pbl
856 _uhttp://koha.tu.koszalin.pl/cgi-bin/koha/opac-detail.pl?biblionumber=15029
_yKatalog online BPK
942 _2UKD
_cKS
999 _c15029
_d15029